00627nam a22001817a 450000500170000001000150001702000260003203500140005803700130007208200080008510000220009324500960011526000760021127000850028730000200037250000350039270000180042720180821115203.0 aENG-123848 a9788173719585c475.00 aEN-107380 bDBAD/PUB a518 aJalan, Arun Kumar aNumerical methods :cby Arun Kumar Jalan [and] Utpal Sarkarba programming-based approach / aHyderabad (Telangana)c2015bUniversities Press (India) Private Limited bHyderabad (Telangana)a3-6-747/1/A & 3-6-754/1, Himayatnagar, Hyderabad,e500029 a403p.c24(pbk.) aIt includes appendix and index aSarkar, Utpal